| 000 | 00640nam a2200205Ii 4500 | ||
|---|---|---|---|
| 003 | JO-AjNU | ||
| 008 | 230606s9999||||xx |||||||||||||| ||und|| | ||
| 020 | _a978-0-19-479902-7 | ||
| 040 |
_aJO-AjNU _beng _erda _cJO-AjNU |
||
| 041 | _aeng | ||
| 050 | 1 | 4 | _aPE1625.H65 2010 |
| 100 | 3 |
_aHornby, A.S/Hornby, Albert Sydney, _eauthor _91978 |
|
| 245 | 0 | 0 | _aOxford Advanced Learner,s Dictionary of Current English |
| 264 | 3 | 1 | _aNew York : Oxford<, 2010 |
| 300 | _a1796p | ||
| 336 |
_atext _btxt _2rdacontent |
||
| 337 |
_aunmediated _bn _2rdamedia |
||
| 338 |
_avolume _bnc _2rdacarrier |
||
| 650 | 4 |
_aEnglish language -- Dictionaries. _91979 |
|
| 999 |
_aE1040 _c1040 _d1040 |
||